[Event "Moscow op-F 13th"]
[Site "Moscow"]
[Date "2017.01.29"]
[Round "3"]
[White "Dzhaumutbaev, Erzhan"]
[Black "Zakharova, Evgenia"]
[Result "1/2-1/2"]
[WhiteElo "2148"]
[BlackElo "1914"]
[PlyCount "81"]
[EventDate "2017.01.27"]
[EventType "swiss"]
[EventRounds "9"]
[EventCountry "RUS"]
[SourceTitle "CBM 176 Extra"]
[Source "ChessBase"]
[SourceDate "2017.03.02"]
[SourceVersion "1"]
[SourceVersionDate "2017.03.02"]
[SourceQuality "1"]

1. e4 d6 2. d4 Nf6 3. Nc3 Nbd7 4. f4 e5 5. Nf3 exd4 6. Nxd4 g6 7. Bc4 Bg7 8. 0-0 0-0 9. f5 c6 10. Bg5 Qc7 11. fxg6 hxg6 12. Qd2 b5 13. Bd3 Ng4 14. Be2 Nc5 15. Bxg4 Bxg4 16. h3 b4 17. Nce2 Nxe4 18. Qf4 Bxe2 19. Nxe2 Qb6+ 20. Kh1 f5 21. Qh4 Rae8 22. Nf4 Kf7 23. Qh7 Ng3+ 24. Kh2 Nxf1+ 25. Rxf1 Qd4 26. Nxg6 Ke6 27. Nxf8+ Rxf8 28. Qg6+ Kd7 29. Rxf5 Be5+ 30. g3 Bxg3+ 31. Kxg3 Qg1+ 32. Kf3 Qf1+ 33. Kg4 Qg2+ 34. Kf4 Qf2+ 35. Kg4 Qg2+ 36. Kf4 Qf2+ 37. Kg4 Qg2+ 38. Kf4 Qf2+ 39. Kg4 Qg2+ 40. Kf4 Qf2+ 41. Kg4 1/2-1/2

[Event "Moscow op-A"]
[Site "Moscow"]
[Date "2015.02.08"]
[Round "9"]
[White "Dzhaumutbaev, Erzhan"]
[Black "Rakhimgaliyev, Yerlan"]
[Result "0-1"]
[WhiteElo "2190"]
[BlackElo "2302"]
[PlyCount "72"]
[EventDate "2015.01.31"]
[EventType "swiss"]
[EventRounds "9"]
[EventCountry "RUS"]
[SourceTitle "CBM 164 Extra"]
[Source "ChessBase"]
[SourceDate "2015.03.02"]
[SourceVersion "1"]
[SourceVersionDate "2015.03.02"]
[SourceQuality "1"]

1. d4 Nf6 2. c4 g6 3. Nc3 Bg7 4. e4 d6 5. Nf3 0-0 6. Be2 e5 7. d5 Nbd7 8. 0-0 a5 9. Qc2 Nc5 10. Bg5 h6 11. Be3 b6 12. Nd2 Bg4 13. f3 Bd7 14. Rfe1 Nh5 15. b3 Bf6 16. a3 Bg5 17. Nf1 Bxe3+ 18. Nxe3 Qg5 19. Bf1 f5 20. exf5 gxf5 21. Rac1 a4 22. b4 Nb3 23. Rb1 Kh8 24. Qf2 Rg8 25. Kh1 Rg7 26. Rbd1 Rag8 27. Ne2 f4 28. Nc2 Bf5 29. Ng1 Ng3+ 30. hxg3 fxg3 31. Qe2 Qh5+ 32. Nh3 Bxh3 33. gxh3 g2+ 34. Bxg2 Rxg2 35. Qxg2 Rxg2 36. Kxg2 Qg6+ 0-1

[Event "Pushchino op"]
[Site "Pushchino"]
[Date "2012.02.24"]
[Round "2"]
[White "Derguzov, Vladimir"]
[Black "Dzhaumutbaev, Erzhan"]
[Result "0-1"]
[WhiteElo "2086"]
[BlackElo "2216"]
[PlyCount "56"]
[EventDate "2012.02.24"]
[EventType "swiss"]
[EventRounds "7"]
[EventCountry "RUS"]
[SourceTitle "EXT 2014"]
[Source "ChessBase"]
[SourceDate "2013.11.20"]
[SourceVersion "1"]
[SourceVersionDate "2013.11.20"]
[SourceQuality "1"]

1. e4 c5 2. Nf3 Nc6 3. Nc3 g6 4. Bc4 Bg7 5. 0-0 Nf6 6. d3 0-0 7. a3 a6 8. Be3 b5 9. Ba2 d6 10. h3 e6 11. e5 dxe5 12. Bxc5 Re8 13. Be3 Bb7 14. Bg5 Qc7 15. Re1 Nh5 16. Ne4 Nd4 17. Nxd4 exd4 18. f3 f5 19. Nf2 Qg3 20. Rxe6 Kh8 21. Qd2 Rxe6 22. Bxe6 Be5 23. Kf1 Re8 24. Bb3 Qh2 25. Ng4 Qh1+ 26. Ke2 Qxg2+ 27. Kd1 Bxf3+ 28. Kc1 Qh1+ 0-1

[Event "Dmitrov op"]
[Site "Dmitrov"]
[Date "2011.08.01"]
[Round "7"]
[White "Dzhaumutbaev, Erzhan"]
[Black "Bivol, Alina"]
[Result "1/2-1/2"]
[WhiteElo "2170"]
[BlackElo "2171"]
[PlyCount "70"]
[EventDate "2011.07.29"]
[EventType "swiss"]
[EventRounds "9"]
[EventCountry "RUS"]
[SourceTitle "CBM 143 Extra"]
[Source "ChessBase"]
[SourceDate "2011.08.29"]
[SourceVersion "1"]
[SourceVersionDate "2011.08.29"]
[SourceQuality "1"]

1. e4 e6 2. d3 d5 3. Nd2 c5 4. Ngf3 Nc6 5. g3 Nf6 6. Bg2 g6 7. 0-0 Bg7 8. Re1 0-0 9. c3 a5 10. a4 b6 11. e5 Nd7 12. d4 cxd4 13. cxd4 Nb4 14. Nf1 Ba6 15. Bg5 Qe8 16. Qd2 Rc8 17. Rec1 f6 18. Rxc8 Bxc8 19. Bh6 fxe5 20. Bxg7 Kxg7 21. dxe5 Nc5 22. Nd4 Nc6 23. Nxc6 Nb3 24. Qd1 Nxa1 25. Nd4 Qf7 26. Nf3 g5 27. g4 h5 28. h3 hxg4 29. hxg4 Qf4 30. N1h2 Ba6 31. Qxa1 Rc8 32. Qa3 Rc1+ 33. Bf1 Bxf1 34. Qe7+ Kh6 35. Qxe6+ Kg7 1/2-1/2

[Event "Dmitrov op"]
[Site "Dmitrov"]
[Date "2011.08.01"]
[Round "8"]
[White "Prihodko, Ilja"]
[Black "Dzhaumutbaev, Erzhan"]
[Result "0-1"]
[WhiteElo "2119"]
[BlackElo "2170"]
[PlyCount "160"]
[EventDate "2011.07.29"]
[EventType "swiss"]
[EventRounds "9"]
[EventCountry "RUS"]
[SourceTitle "CBM 143 Extra"]
[Source "ChessBase"]
[SourceDate "2011.08.29"]
[SourceVersion "1"]
[SourceVersionDate "2011.08.29"]
[SourceQuality "1"]

1. d4 Nf6 2. Nf3 e6 3. e3 c5 4. c3 Nc6 5. Bd3 d5 6. 0-0 Be7 7. Nbd2 0-0 8. Qe2 Qc7 9. a3 e5 10. dxe5 Nxe5 11. Nxe5 Qxe5 12. e4 Bg4 13. f3 Bd6 14. g3 Bh3 15. Re1 c4 16. Bc2 Bc5+ 17. Kh1 Rfe8 18. Nf1 dxe4 19. fxe4 Ng4 20. Ne3 Qh5 21. Qf3 Re6 22. Bd1 Rf6 23. Nf5 Nf2+ 24. Qxf2 Bxf2 25. Bxh5 Bxe1 26. Bg5 Re6 27. Ne7+ Kf8 28. Rxe1 Re5 29. Bf4 Rxh5 30. Nd5 Be6 31. Bd6+ Kg8 32. Nc7 Rc8 33. Nxe6 fxe6 34. e5 Rf5 35. Kg2 Kf7 36. g4 Rf4 37. Kg3 g5 38. h4 h5 39. gxh5 Rxh4 40. Rf1+ Kg7 41. Be7 Rxh5 42. Rf2 Re8 43. Kg4 Rh1 44. Bxg5 Kg6 45. Rf6+ Kg7 46. Rf2 Rg1+ 47. Kf4 Kg6 48. Bf6 Rg8 49. Rd2 Rf1+ 50. Ke4 Re1+ 51. Kf4 Rh1 52. Rd7 Rh7 53. Rd2 Rc8 54. Rg2+ Kf7 55. Rd2 Ke8 56. Rd6 Rd7 57. Rxe6+ Kf7 58. Kf5 Re8 59. Rd6 Rxd6 60. exd6 Re6 61. Be5 Rh6 62. Bf4 Rh5+ 63. Ke4 Ke6 64. Bg3 Rd5 65. Bf4 Rd1 66. a4 Ra1 67. Kd4 Rxa4 68. Kc5 Ra2 69. Bc1 Ra1 70. Be3 Rb1 71. Kxc4 Rxb2 72. Bxa7 Kxd6 73. Bc5+ Kc6 74. Bd4 b5+ 75. Kd3 Kd5 76. Be3 Rh2 77. Bf4 Rh3+ 78. Kc2 Kc4 79. Be5 Re3 80. Bd4 Re2+ 0-1

[Event "Moscow Region Spring-B"]
[Site "Serpukhov"]
[Date "2011.05.05"]
[Round "9"]
[White "Dzhaumutbaev, Erzhan"]
[Black "Ibragimov, Ali"]
[Result "1/2-1/2"]
[WhiteElo "2118"]
[BlackElo "2098"]
[PlyCount "28"]
[EventDate "2011.04.30"]
[EventType "tourn"]
[EventRounds "9"]
[EventCountry "RUS"]
[SourceTitle "EXT 2022"]
[Source "ChessBase"]
[SourceDate "2021.10.06"]
[SourceVersion "1"]
[SourceVersionDate "2021.10.06"]
[SourceQuality "1"]

1. e4 c5 2. Nf3 d6 3. d4 cxd4 4. Nxd4 Nf6 5. Nc3 a6 6. Bg5 e6 7. f4 Be7 8. Qf3 Qc7 9. 0-0-0 Nbd7 10. g4 Nc5 11. Bh4 b5 12. g5 Nfd7 13. Bd3 Bb7 14. Rhe1 0-0 1/2-1/2

[Event "Moscow op-E"]
[Site "Moscow"]
[Date "2011.02.04"]
[Round "7.160"]
[White "Dzhaumutbaev, Erzhan"]
[Black "Kovalev, Egor"]
[Result "1-0"]
[WhiteElo "2104"]
[BlackElo "1810"]
[PlyCount "51"]
[EventDate "2011.01.29"]
[EventType "swiss"]
[EventRounds "9"]
[EventCountry "RUS"]
[SourceTitle "EXT 2022"]
[Source "ChessBase"]
[SourceDate "2021.10.06"]
[SourceVersion "1"]
[SourceVersionDate "2021.10.06"]
[SourceQuality "1"]

1. e4 c5 2. Nf3 e6 3. d3 Nc6 4. g3 Nge7 5. Bg2 g6 6. Nbd2 Bg7 7. 0-0 0-0 8. Re1 d6 9. h4 b5 10. Nf1 Bb7 11. h5 d5 12. e5 Qc7 13. Bf4 Nf5 14. hxg6 hxg6 15. N1h2 Ncd4 16. Ng5 Rfd8 17. Ng4 Qe7 18. Nh3 Rdc8 19. Bg5 Qc7 20. Nf6+ Kh8 21. Nf4 Ne7 22. Qg4 Bxf6 23. Qh4+ Kg8 24. Bxf6 Kf8 25. Bxe7+ Ke8 26. Bd6 1-0

[Event "Zhukovsky op-A"]
[Site "Zhukovsky"]
[Date "2010.01.??"]
[Round "2"]
[White "Dzhaumutbaev, Erzhan"]
[Black "Sergeev, Alexey1"]
[Result "1/2-1/2"]
[WhiteElo "2076"]
[BlackElo "2189"]
[PlyCount "65"]
[EventDate "2010.01.??"]
[EventType "swiss"]
[EventRounds "7"]
[EventCountry "RUS"]
[SourceTitle "EXT 2012"]
[Source "ChessBase"]
[SourceDate "2011.11.24"]
[SourceVersion "1"]
[SourceVersionDate "2011.11.24"]
[SourceQuality "1"]

1. e4 c5 2. Nf3 e6 3. d4 cxd4 4. Nxd4 a6 5. Bc4 Nf6 6. Qe2 b5 7. Bb3 Bb7 8. f3 Qc7 9. Be3 d5 10. exd5 Nxd5 11. Nd2 Nd7 12. Ne4 Nxe3 13. Qxe3 Nc5 14. 0-0-0 Nxb3+ 15. Nxb3 Be7 16. h4 Rc8 17. Rd2 0-0 18. h5 Rfd8 19. Rf2 a5 20. h6 Qe5 21. hxg7 Bxe4 22. Qxe4 Qxe4 23. fxe4 a4 24. Nd2 Bg5 25. Rh3 Kxg7 26. Rg3 Kh6 27. Kd1 Rc4 28. Rd3 Rcd4 29. Rff3 Kg6 30. Ke2 Bxd2 31. Kxd2 f5 32. exf5+ exf5 33. a3 1/2-1/2

[Event "Zhukovsky Rating-A 08"]
[Site "Zhukovsky"]
[Date "2009.08.14"]
[Round "7"]
[White "Medvedev, Vladimir"]
[Black "Dzhaumutbaev, Erzhan"]
[Result "0-1"]
[WhiteElo "2160"]
[BlackElo "2063"]
[PlyCount "70"]
[EventDate "2009.08.14"]
[EventType "swiss"]
[EventRounds "7"]
[EventCountry "RUS"]
[SourceTitle "EXT 2022"]
[Source "ChessBase"]
[SourceDate "2021.10.06"]
[SourceVersion "1"]
[SourceVersionDate "2021.10.06"]
[SourceQuality "1"]

1. d4 d5 2. Nf3 Nf6 3. Bg5 Ne4 4. Bf4 e6 5. Nfd2 Bd6 6. Bg3 Bxg3 7. hxg3 b6 8. e3 Bb7 9. c4 Qf6 10. Nxe4 dxe4 11. Nc3 0-0 12. Qc2 Qf5 13. Rh4 Na6 14. 0-0-0 Nb4 15. Qd2 c5 16. a3 cxd4 17. exd4 Nc6 18. Rxe4 Na5 19. Qc2 Bxe4 20. Nxe4 Qg6 21. Bd3 Qh6+ 22. f4 Nc6 23. Ng5 f5 24. d5 Nd4 25. Qf2 Qf6 26. Bb1 Nb3+ 27. Kc2 Na1+ 28. Kc1 Nb3+ 29. Kc2 Nc5 30. b4 Na4 31. Kb3 Qc3+ 32. Kxa4 a5 33. Kb5 Qxa3 34. Qd2 axb4 35. Qxb4 Ra5+ 0-1

[Event "Zhukovsky Rating-A 08"]
[Site "Zhukovsky"]
[Date "2009.08.14"]
[Round "6"]
[White "Sidorov, Evgeniy"]
[Black "Dzhaumutbaev, Erzhan"]
[Result "0-1"]
[WhiteElo "1943"]
[BlackElo "2063"]
[PlyCount "70"]
[EventDate "2009.08.14"]
[EventType "swiss"]
[EventRounds "7"]
[EventCountry "RUS"]
[SourceTitle "EXT 2022"]
[Source "ChessBase"]
[SourceDate "2021.10.06"]
[SourceVersion "1"]
[SourceVersionDate "2021.10.06"]
[SourceQuality "1"]

1. d4 Nf6 2. Nc3 d5 3. Bg5 e6 4. e3 Nbd7 5. Nf3 Be7 6. Ne5 Nxe5 7. dxe5 Nd7 8. Bxe7 Qxe7 9. Qd4 c5 10. Qf4 a6 11. Qg3 f6 12. exf6 Nxf6 13. f4 0-0 14. Bd3 b5 15. Qh4 Qe8 16. g4 c4 17. Be2 b4 18. Nd1 e5 19. f5 Qc6 20. 0-0 Bb7 21. Bf3 Qb6 22. Qf2 Rad8 23. c3 d4 24. exd4 exd4 25. h3 Bxf3 26. Qxf3 dxc3+ 27. Kg2 Rd3 28. Qf4 Qc6+ 29. Kh2 Nd5 30. Qe4 Qd6+ 31. Kg1 Rg3+ 32. Kf2 cxb2 33. Nxb2 Re3 34. Qg2 Qe5 35. Nxc4 Re2+ 0-1

[Event "Zhukovsky op-A"]
[Site "Zhukovsky"]
[Date "2009.01.??"]
[Round "6"]
[White "Rybakov, Sergey1"]
[Black "Dzhaumutbaev, Erzhan"]
[Result "1/2-1/2"]
[WhiteElo "2207"]
[BlackElo "2063"]
[PlyCount "57"]
[EventDate "2009.01.??"]
[EventType "swiss"]
[EventRounds "7"]
[EventCountry "RUS"]
[SourceTitle "EXT 2012"]
[Source "ChessBase"]
[SourceDate "2011.11.24"]
[SourceVersion "1"]
[SourceVersionDate "2011.11.24"]
[SourceQuality "1"]

1. e4 c5 2. Nc3 Nc6 3. g3 g6 4. Bg2 Bg7 5. Nge2 e6 6. d3 Nge7 7. 0-0 0-0 8. Be3 Nd4 9. Qd2 d6 10. Rae1 Rb8 11. Nd1 b5 12. c3 Nxe2+ 13. Rxe2 b4 14. c4 Nc6 15. Bg5 Qa5 16. b3 Nd4 17. Ree1 Bb7 18. Be7 Rfe8 19. Bxd6 Rbd8 20. Bf4 Rd7 21. f3 Red8 22. Nf2 Nc6 23. Qc2 Bc3 24. Re3 Nd4 25. Qb1 Bd2 26. Qb2 Bc3 27. Qb1 Bd2 28. Qb2 Bc3 29. Qb1 1/2-1/2

[Event "Zhukovsky op-A"]
[Site "Zhukovsky"]
[Date "2008.11.28"]
[Round "4"]
[White "Dzhaumutbaev, Erzhan"]
[Black "Spitsyn, Mikhail"]
[Result "0-1"]
[WhiteElo "2035"]
[BlackElo "1892"]
[PlyCount "90"]
[EventDate "2008.11.28"]
[EventType "swiss"]
[EventRounds "9"]
[EventCountry "RUS"]
[SourceTitle "EXT 2022"]
[Source "ChessBase"]
[SourceDate "2021.10.06"]
[SourceVersion "1"]
[SourceVersionDate "2021.10.06"]
[SourceQuality "1"]

1. e4 d6 2. d4 Nf6 3. Nc3 g6 4. f3 Bg7 5. Be3 0-0 6. Qd2 Nbd7 7. 0-0-0 a6 8. g4 b5 9. a3 Nb6 10. h4 h5 11. g5 Nfd7 12. f4 Nc4 13. Qf2 Nxe3 14. Qxe3 c5 15. Nf3 b4 16. axb4 cxb4 17. Nd5 a5 18. f5 Nb6 19. Nxb6 Qxb6 20. Bc4 gxf5 21. exf5 Bxf5 22. Qxe7 Ra7 23. Qe3 a4 24. g6 Bxg6 25. Rhg1 Kh7 26. Ng5+ Kh8 27. Nxf7+ Bxf7 28. Rxg7 Kxg7 29. Rg1+ Bg6 30. Rxg6+ Kxg6 31. Qg5+ Kh7 32. Qxh5+ Kg7 33. Qg5+ Kh7 34. Bd3+ Kh8 35. Qh6+ Kg8 36. Qg6+ Rg7 37. Bc4+ Rff7 38. Bxf7+ Kf8 39. Qf6 Rxf7 40. Qh6+ Ke7 41. Qg5+ Kd7 42. Qg4+ Kc7 43. h5 d5 44. Qg3+ Qd6 45. Qd3 Qf4+ 0-1

[Event "Zhukovsky op-A"]
[Site "Zhukovsky"]
[Date "2008.11.28"]
[Round "6"]
[White "Karlson, Vladilen"]
[Black "Dzhaumutbaev, Erzhan"]
[Result "1/2-1/2"]
[WhiteElo "2230"]
[BlackElo "2035"]
[PlyCount "23"]
[EventDate "2008.11.28"]
[EventType "swiss"]
[EventRounds "9"]
[EventCountry "RUS"]
[SourceTitle "EXT 2022"]
[Source "ChessBase"]
[SourceDate "2021.10.06"]
[SourceVersion "1"]
[SourceVersionDate "2021.10.06"]
[SourceQuality "1"]

1. e4 e5 2. Nf3 Nc6 3. Nc3 Nf6 4. Bb5 Nd4 5. Nxd4 exd4 6. e5 dxc3 7. exf6 Qxf6 8. dxc3 Qe5+ 9. Qe2 Qxe2+ 10. Kxe2 Bc5 11. Be3 Bxe3 12. Kxe3 1/2-1/2